000 03293cam a2200265 4500500
005 20250123112430.0
041 _afre
042 _adc
100 1 0 _aTalbot, Marie-Christine
_eauthor
245 0 0 _aLa construction identitaire des éducateurs de jeunes enfants en alternance : ou comment l’usage du construit de reliance participe-t-il de la réorientation de leur projet professionnel en cours de formation ?
260 _c2016.
500 _a13
520 _aSi les éléments de contexte, tels que les politiques sociales ou le monde du travail en mutation, viennent en partie éclairer l’émergence d’un nouveau projet professionnel des éducateurs de jeunes enfants en cours de formation, c’est le processus de professionnalisation et de construction identitaire engagé au sein même du processus de formation que nous étudierons et ceci, plus particulièrement en lien avec l’expérience pratique vécue au cours des stages (Wittorski, 2009). Le sujet en formation est, à travers cette situation pratique, dans une posture de réflexion, de construction identitaire par sa rencontre et par sa participation à des communautés de pratiques. Dans sa confrontation à autrui, le sujet met en jeu la réalisation et la continuité de soi. Les émotions, les éléments biographiques sont convoqués eux aussi (Bourgeois et Barbier, 2006), le sujet maintenant, sur le plan identitaire, sa continuité, son unicité à travers le regard d’autrui. Nous chercherons à travers cet article à articuler le processus de professionnalisation et de construction identitaire avec le concept de reliance, développé par Bolle de Bal (2003), dans le cadre de la formation en alternance des éducateurs de jeunes enfants.
520 _aAlthough the context, such as the social policies or the professional world in mutation, highlights the emergence of a new professional project for educators of young children during their training period, the process of professionalization and the identity building involved during the training period will be more especially studied, in relation to the practical experience gathered during the internships (Wittorski, 2009). This experience awakes in the subject a reflection and a situation of identity building through the encounter and the interactions with practical communities. While confronting with others, the student involves the realization, the self-continuity. Emotions and biographical facts are involved as well (Bourgeois et Barbier, 2006), thus maintaining the subject’s continuity and identity uniqueness through the perception of others. In this article, we will relate the process of professionalization and identity building to the concept of reliance, developed by Bolle de Bal (2003), within the scope of block-release training of educators of young children.
690 _areliance
690 _aalternance
690 _aConstruction identitaire professionnelle
690 _aprofessionnalisation
690 _a“reliance”
690 _aprofessional identity building
690 _ablock-release training
690 _aprofessionalization
786 0 _nPhronesis | 5 | 1 | 2016-04-01 | p. 4-15
856 4 1 _uhttps://shs.cairn.info/revue-phronesis-2016-1-page-4?lang=fr&redirect-ssocas=7080
999 _c781348
_d781348